000 00886nam a2200289 i 4500
003 EG-GICUC
005 20260121101739.0
008 260119s1928 fr ||||fr ||| 00| 0 fre d
040 _aEG-GICUC
_cEG-GICUC
_dEG-GICUC
_erda
_bfre
041 0 _afre
082 0 4 _221
_a341.220567
_bHO . I
092 0 4 _221
099 _aLaw1 11 341.220567 HO . I 1928
100 1 _aA.Hooper,Charles
_eAuteur
245 1 2 _aL'Iraq Et La Societe Des Nations /
_cCharles A.Hooper .
264 0 _aParis :
_bA.Pedone Editeur ,
_c1928 .
300 _a112 Pages;
_c30 cm.
336 _atext
_2rda content
337 _aComputer
_2rda media
338 _aOnline Resource
_2rda carrier
546 _aTexte en français
650 0 4 _aDroit international public
650 0 4 _aSociété des Nations
856 _uhttps://fll.law.cu.edu.eg/fulltext/th/B11-05099.pdf
905 _a59
942 _2ddc
_cBK
_e21
_n0
999 _c57731
_d57731